书目信息 |
| 题名: |
3ds MAX 5建筑建模实例
|
|
| 作者: | 陈志民 , 刘雄伟 主编 | |
| 分册: | ||
| 出版信息: | 北京 机械工业出版社 2004.01 |
|
| 页数: | [10], 345页 | |
| 开本: | 26cm | |
| 丛书名: | 建筑建模系列丛书 | |
| 单 册: | ||
| 中图分类: | TU205 | |
| 科图分类: | ||
| 主题词: | 模型(建筑), 计算机辅助设计--图形软件, 3DS MAX , 模型(建筑) , 计算机辅助设计 | |
| 电子资源: | ||
| ISBN: | 7-111-13516-4 | |
| 000 | 00986nam2 2200301 45 | |
| 001 | 012004000000 | |
| 005 | 20050110145912.59 | |
| 010 | @a7-111-13516-4@dCNY 46.00 | |
| 100 | @a20040418d2004 em y0chiy0121 ea | |
| 101 | 0 | @achi |
| 102 | @aCN@b110000 | |
| 105 | @aak z 000yy | |
| 200 | 1 | @a3ds MAX 5建筑建模实例@A3ds MAX 5 jian zhu jian mo shi li@f陈志民, 刘雄伟主编 |
| 210 | @a北京@c机械工业出版社@d2004.01 | |
| 215 | @a[10], 345页@c图, 表格@d26cm@e附光盘1片 | |
| 225 | 2 | @a建筑建模系列丛书 |
| 307 | @a附光盘: ISBN 7-89492-036-3/TU·06 | |
| 330 | @a本书深入浅出地介绍了使用3ds MAX 5进行建筑和室内设计建模的各种方法和技巧。 | |
| 410 | 0 | @12001 @a建筑建模系列丛书 |
| 606 | 0 | @a模型(建筑), 计算机辅助设计@x图形软件, 3DS MAX |
| 606 | 0 | @a模型(建筑) |
| 606 | 0 | @a计算机辅助设计 |
| 610 | 0 | @a3DS MAX |
| 690 | @aTU205@v4 | |
| 701 | 0 | @a陈志民@Achen zhi min@4主编 |
| 701 | 0 | @a刘雄伟@Aliu xiong wei@4主编 |
| 801 | 0 | @aCN@bQSSKw@c20050110 |
| 905 | @a10447@dTU205@eC654 | |
| 3ds MAX 5建筑建模实例/陈志民, 刘雄伟主编.-北京:机械工业出版社,2004.01 |
| [10], 345页:图, 表格;26cm+附光盘1片.-(建筑建模系列丛书) |
| ISBN 7-111-13516-4:CNY 46.00 |
| 本书深入浅出地介绍了使用3ds MAX 5进行建筑和室内设计建模的各种方法和技巧。 |
| ● |
| 相关链接 |
|
|
|
正题名:3ds MAX 5建筑建模实例
索取号:TU205/C654
 
预约/预借
| 序号 | 登录号 | 条形码 | 馆藏地/架位号 | 状态 | 备注 |
| 1 | 435833 | 204358337 | 建筑库101/101建筑库 40排1列23层/ [索取号:TU205/C654] | 在馆 | |
| 2 | 435834 | 204358346 | 建筑库101/101建筑库 40排1列23层/ [索取号:TU205/C654] | 在馆 | |
| 3 | 435835 | 204358355 | 建筑库101/ [索取号:TU205/C654] | 在馆 |